EPIC: The Musical - Lyrics Sort #9 - My Goodbye - Statistics

General Stats
  • This quiz has been taken 176 times
  • The average score is 24 of 56
Answer Stats
Hint Answer % Correct
Line 1 You were reckless, sentimental at best
98%
Line 3 You've grown soft, your dead friends can attest
89%
Line 2 That's not a teaching of mine
85%
Line 8 But I warned ya, and you failed the test
80%
Line 4 Hey!
80%
Line 5 Put your emotions aside
76%
Line 7 I don't know where I went wrong
74%
Line 6 You're a warrior, meant to lead the rest
74%
Line 9 So now I'm gone
70%
Line 10 This way, you'll know what your place is
50%
Line 15 This way, you won't waste my time
48%
Line 11 This way, you can't cross the line
43%
Line 14 This way, you won't disappoint me
43%
Line 13 You''ll keep yours and I'll keep mine
41%
Line 17 Consider this as my goodbye [1]
39%
Line 48 Consider this as my goodbye [2]
39%
Line 36 At least I know what I'm fighting for
37%
Line 44 But not today, for after all you're (just a man)
37%
Line 25 But now we're done
37%
Line 23 If I'll never sleep at night?
37%
Line 24 I'll remind you, I saw you as a friend
37%
Line 35 I mistook you for a general, what a waste of effort spent
37%
Line 21 I'm left to deal with the strain
37%
Line 43 One day
37%
Line 42 One day, you might understand
37%
Line 19 Selfish and prideful and vain
37%
Line 38 Since you claim you're so much wiser
37%
Line 18 That's just like you, why should I be surprised?
37%
Line 46 This day, you cut the line
37%
Line 45 This day, you sever your own head
37%
Line 12 This way, when all is over
37%
Line 30 This way, you get what you wanted
37%
Line 20 Unlike you, every time someone dies
37%
Line 22 What's a title that a goddess can lend
37%
Line 37 While you're fighting to be known
37%
Line 39 Why's your life spent all alone?
37%
Line 34 You're not looking for a mentor, I'm not looking for a friend
37%
Line 29 You're out of sight and out of mind
37%
Line 41 One day, you'll hear what I'm saying
35%
Line 47 This day, you lost it all
35%
Line 28 This way, when all is done
35%
Line 32 This way, you close the door
35%
Line 27 This way, you won't plague my life
35%
Line 40 You're alone!
35%
Line 33 And have your damn goodbye
33%
Line 31 This way, you can save your time
33%
Line 56 This is my goodbye [2]
31%
Line 26 This way, you're out of my head now
31%
Line 49 (Oh, oh-oh-oh, oh-oh-oh) [1]
30%
Line 51 (Oh, oh-oh-oh, oh-oh-oh) [2]
30%
Line 55 (Oh, oh-oh-oh, oh-oh-oh) [4]
30%
Line 50 Consider this as my goodbye [3]
28%
Line 54 Consider this as my goodbye [4]
28%
Line 53 (Oh, oh-oh-oh, oh-oh-oh) [3]
28%
Line 16 This way, I'll close the door
28%
Line 52 This is my goodbye [1]
26%
No matching quizzes found
Score Distribution
Percent of People with Each Score
Percentile by Number Answered
Your Score History
You have not taken this quiz